|
|
|
|
| LEADER |
02187nam a22003733i 4500 |
| 001 |
EBC5726221 |
| 003 |
MiAaPQ |
| 005 |
20240729202202.0 |
| 006 |
m o d | |
| 007 |
cr cnu|||||||| |
| 008 |
240729s2019 xx o ||||0 eng d |
| 020 |
|
|
|a 9789176851326
|q (electronic bk.)
|
| 035 |
|
|
|a (MiAaPQ)EBC5726221
|
| 035 |
|
|
|a (Au-PeEL)EBL5726221
|
| 035 |
|
|
|a (OCoLC)1090006135
|
| 040 |
|
|
|a MiAaPQ
|b eng
|e rda
|e pn
|c MiAaPQ
|d MiAaPQ
|
| 100 |
1 |
|
|a Armakavicius, Nerijus.
|
| 245 |
1 |
0 |
|a Free Charge Carrier Properties in Group III Nitrides and Graphene Studied by THz-To-MIR Ellipsometry and Optical Hall Effect.
|
| 250 |
|
|
|a 1st ed.
|
| 264 |
|
1 |
|a Linköping :
|b Linkopings Universitet,
|c 2019.
|
| 264 |
|
4 |
|c {copy}2019.
|
| 300 |
|
|
|a 1 online resource (62 pages)
|
| 336 |
|
|
|a text
|b txt
|2 rdacontent
|
| 337 |
|
|
|a computer
|b c
|2 rdamedia
|
| 338 |
|
|
|a online resource
|b cr
|2 rdacarrier
|
| 490 |
1 |
|
|a Linköping Studies in Science and Technology. Dissertations Series ;
|v v.1976
|
| 505 |
0 |
|
|a Intro -- ABSTRACT -- POPULÄRVETENSKAPLIG SAMMANFATTNING -- PREFACE -- ACKNOWLEDGEMENT -- PUBLICATIONS INCLUDED IN THE DISSERTATION -- PUBLICATIONS NOT INCLUDED IN THE DISSERTATION -- Contents -- Introduction -- Ellipsometry at long wavelengths -- Materials -- Spectroscopic ellipsometry -- Complementary characterization techniques -- Summary of the papers and contributions to the field -- References -- List of abbreviations -- Papers.
|
| 588 |
|
|
|a Description based on publisher supplied metadata and other sources.
|
| 590 |
|
|
|a Electronic reproduction. Ann Arbor, Michigan : ProQuest Ebook Central, 2024. Available via World Wide Web. Access may be limited to ProQuest Ebook Central affiliated libraries.
|
| 655 |
|
4 |
|a Electronic books.
|
| 776 |
0 |
8 |
|i Print version:
|a Armakavicius, Nerijus
|t Free Charge Carrier Properties in Group III Nitrides and Graphene Studied by THz-To-MIR Ellipsometry and Optical Hall Effect
|d Linköping : Linkopings Universitet,c2019
|
| 797 |
2 |
|
|a ProQuest (Firm)
|
| 830 |
|
0 |
|a Linköping Studies in Science and Technology. Dissertations Series
|
| 856 |
4 |
0 |
|u https://ebookcentral.proquest.com/lib/matrademy/detail.action?docID=5726221
|z Click to View
|